| 000 | 01293nam0a22002771 4500 | ||
|---|---|---|---|
| 001 | rc\3266765 | ||
| 005 | 20260407051029.0 | ||
| 021 |
_aRU _b72-45681 |
||
| 021 |
_aRU _bРг12967-72 |
||
| 035 | _a(NLR Aleph) 007389980 | ||
| 090 |
_a6600173 _c6600173 |
||
| 100 | _a20130115d1972 |||y0rusy50 ca | ||
| 101 | 0 | _arus | |
| 102 | _aRU | ||
| 105 | _ay j ||||| | ||
| 200 | 1 |
_aУчебно-воспитательная работа в академических группах _e[Метод. рекомендации] _fМ-во сел. хоз-ва СССР. Гл. упр. высш. и сред. с.-х. образования. Науч.-метод. кабинет идейно-воспитат. работы при ТСХА |
|
| 210 |
_aМосква _cБ. и. _d1972 |
||
| 215 |
_a20 с. _d20 |
||
| 300 | _aНа обороте тит. л. авт.: канд. ист. наук доц. К.Т. Целикова | ||
| 701 | 1 |
_aЦеликова _bК.Т. _gКлавдия Тимофеевна |
|
| 712 | 0 | 1 |
_aСССР _bГлавное управление высшего и среднего сельскохозяйственного образования _3RU\NLR\AUTH\8810020214 _9538423 |
| 801 | 0 |
_aRU _bNLR _gpsbo |
|
| 801 | 1 |
_aRU _bELAR _2rusmarc |
|
| 852 |
_aNLR _j72-4/22659 |
||
| 942 | _cBOOK | ||
| 980 | _aNB | ||